000 006210000a22001930004500
999 _c54380
_d54380
001 768714001
003 CO-MdFUSB
005 20170824114535.0
008 170824s2002 xxu||||| |||| 00| 0 eng d
022 _a0120-3649
040 _aCO-MdFUSB
_bspa
_cCO-MdFUSB
_dCO-MdFUSB
041 _aeng
100 1 _aElgvin, Torleif
_eautor
245 1 0 _aRare incense alter :
_braises burning questions
300 _aVolumen 28. Número 5 (2002), Páginas 35-39
_c28 cm.
546 _aTexto en inglés
773 0 _tBiblical Archaeology Review
_049395
_959460
_gVolumen 28. Número 5 (2002), Páginas 35-39
_qPágina 35
942 _cANA